书目信息 |
| 题名: |
核时代的战争与和平
|
|
| 作者: | 纽豪斯 著 ;军事科学院外国军事研究部 译 | |
| 分册: | ||
| 出版信息: | 北京 军事科学出版社 1989.10 |
|
| 页数: | 880页 | |
| 开本: | 20cm | |
| 丛书名: | ||
| 单 册: | ||
| 中图分类: | D518 | |
| 科图分类: | ||
| 主题词: | 国际政治--茅盾 , 国际斗争 , 政治斗争 | |
| 电子资源: | ||
| ISBN: | 7-80021-213-0 | |
| 000 | 00750nam0 2200229 45 | |
| 001 | 0404211455 | |
| 005 | 20050623153406.8 | |
| 010 | @a7-80021-213-0@dCNY14.70 | |
| 100 | @a20040421d1989 km y0chiy0120 ea | |
| 101 | 0 | @achi |
| 105 | @a z 000yy | |
| 200 | 1 | @a核时代的战争与和平@AHe Shi Dai De Zhan Zheng Yu He Ping@f(美)约翰·纽豪斯著@F(Mei)Yue Han·Niu Hao Si Zhu@g军事科学院外国军事研究部译 |
| 210 | @a北京@c军事科学出版社@d1989.10 | |
| 215 | @a880页@c照片@d20cm | |
| 606 | 0 | @a国际政治@x茅盾 |
| 606 | 0 | @a国际斗争 |
| 606 | 0 | @a政治斗争 |
| 690 | @aD518@v3 | |
| 701 | 0 | @a纽豪斯@4著 |
| 712 | 02 | @a军事科学院外国军事研究部@AJun Shi Ke Xue Yuan Wai Guo Jun Shi Yan Jiu Bu@4译 |
| 801 | @aCN@bPftUser@c20040421 | |
| 905 | @dD518@e66@f1@b257978 | |
| 核时代的战争与和平/(美)约翰·纽豪斯著/军事科学院外国军事研究部译.-北京:军事科学出版社,1989.10 |
| 880页:照片;20cm |
| ISBN 7-80021-213-0:CNY14.70 |
| ● |
| 相关链接 |
|
|
|
|
正题名:核时代的战争与和平
索取号:D518/66
 
预约/预借
| 序号 | 登录号 | 条形码 | 馆藏地/架位号 | 状态 | 备注 |
| 1 | 0257978 | 000483685 | 第一样本阅览室/ [索取号:D518/66] | 在馆 | |
| 2 | 0257979 | 000483676 | 密集书库/ [索取号:D518/66] | 在馆 |